000 00658nas a2200229 4500
001 BR9208811
003 BR-BrBNA
005 20231205093152.0
007 ta
008 230509b bl.|||p| |||| 00| 00por d
040 _aBR-BrBNA
_bpor
_cBiblioteca Nacional de Agricultura
041 _a(Pt)
072 _aL01
100 1 _aTiburcio, C.
245 1 _aProducao de cera e utilizacao de favos velhos
650 _aAPICULTURA
650 _aABELHA AFRICANA
650 _aCERA
773 0 _tApicultura e Polinizacao (Brazil)
_xISSN 0102-3659
_g(Jan-Feb 1990), v. 6(36) p. 8-9
_wBR9208811
909 _a202311
_bLúcia
_c55
_dLúcia Elande
942 _2AGRIS
_n0
_cANA
999 _c136605
_d136605